ბათუმის შოთა რუსთაველის სახელმწიფო უნივერსიტეტის ბიბლიოთეკა

Наследие Ирана / (ბიბ.ჩანაწერი № 61435)

000 -LEADER
fixed length control field 00529nam a22001697a 4500
005 - DATE AND TIME OF LATEST TRANSACTION
control field 20240313123046.0
008 - FIXED-LENGTH DATA ELEMENTS--GENERAL INFORMATION
fixed length control field 240313s1972 ru ||||| |||| 00| 0 rus d
041 ## - LANGUAGE CODE
Language code of text/sound track or separate title rus
080 ## - UNIVERSAL DECIMAL CLASSIFICATION NUMBER
Universal Decimal Classification number 008(55) Ф-83
100 ## - MAIN ENTRY--PERSONAL NAME
Personal name Фрай, Р.
9 (RLIN) 21413
245 ## - TITLE STATEMENT
Title Наследие Ирана /
Statement of responsibility, etc. Р. Фрай.
264 ## - PRODUCTION, PUBLICATION, DISTRIBUTION, MANUFACTURE, AND COPYRIGHT NOTICE
Place of production, publication, distribution, manufacture М.:
Name of producer, publisher, distributor, manufacturer Наука,
Date of production, publication, distribution, manufacture, or copyright notice 1972.
300 ## - PHYSICAL DESCRIPTION
Extent 468 с.
Other physical details 21 см.
440 ## - SERIES STATEMENT/ADDED ENTRY--TITLE
Title Культура народов Востока.
9 (RLIN) 21414
653 ## - INDEX TERM--UNCONTROLLED
keyword ირანის მემკვიდრეობა
942 ## - ADDED ENTRY ELEMENTS (KOHA)
Source of classification or shelving scheme
Koha item type წიგნი
ეგზემპლარები
Withdrawn status Lost status Source of classification or shelving scheme Damaged status Not for loan Permanent Location Current Location Shelving location Date acquired Cost, normal purchase price Full call number Barcode Date last seen Copy number Price effective from Koha item type Public note
          ბათუმის შოთა რუსთაველის სახელმწიფო უნივერსიტეტის მთავარი ბიბლიოთეკა ბათუმის შოთა რუსთაველის სახელმწიფო უნივერსიტეტის მთავარი ბიბლიოთეკა წიგნსაცავი 2024-03-13 7.00 008(55) Ф-83 65801 2024-03-13 65801 2024-03-13 წიგნი 7 ლ.